| 000 | 01635nam1a2200313 i 4500 | ||
|---|---|---|---|
| 001 | RU\NLR\bibl\227334 | ||
| 005 | 20240920171147.0 | ||
| 035 | _a(NLR Aleph) 000223323 | ||
| 090 |
_a1298468 _c1298468 |
||
| 100 | _a20020209g20019999u y0rusy50 ca | ||
| 101 | 0 | _arus | |
| 102 | _aRU | ||
| 105 | _aa ||||||||| | ||
| 200 | 1 |
_aГосударственное управление в условиях рынка. Менеджерские проблемы _fВ.Г. Журавлев, Г.В. Журавлев _gИн-т повышения квалификации гос. служащих Рос. акад. гос. службы при Президенте Рос. Федерации |
|
| 210 |
_aМ. _cИн-т повышения квалификации гос. служащих _d2001 |
||
| 215 | _d20 | ||
| 225 | 1 |
_aБиблиотека ИПКгосслужбы _iСерия "Государственное и муниципальное управление" _fРед. совет: И.И. Курьянов, к.т.н., доц. - пред. и др. _hВып. 2 |
|
| 463 | 0 | _1001204015 | |
| 606 | 0 |
_aГосударственное управление _xКадры _xПодготовка _yРоссийская Федерация _92232808 _3RU\NLR\auth\661340103 |
|
| 686 | _aХ621.02 | ||
| 686 | _aУ21(0)я7 | ||
| 700 | 1 |
_aЖуравлев _bВ. Г. _gВалерий Георгиевич _4070 |
|
| 701 | 1 |
_aЖуравлев _bГ. В. _gГеоргий Валерьевич _4070 |
|
| 801 | 0 |
_aRU _bNLR _c20020209 _gPSBO |
|
| 801 | 1 |
_aRU _bNLR _c20020209 |
|
| 830 | _aавт. по кн. | ||
| 852 |
_aNLR _j2001-3/17487 |
||
| 942 | _cBOOK | ||